Riconosci il Pokémon - Quiz n°719 - Statistics

Statistiche generali
  • Questo quiz è stato fatto 0 volte
  • Il punteggio medio è 0 su 10
Statistiche sulle risposte
Indizio Riposta % Corretto
Sesso 100% ♂
0%
Altezza 1,3 m
0%
Tasso di cattura 45 (11.9%)
0%
Peso 55,5 kg
0%
Abilità Dentistretti; Forza Interiore; Rompiforma
0%
Tipo Lotta
0%
Tasso di allevamento Medio-Veloce
0%
Stadio evoluzione Non si evolve
0%
Generazione Quinta
0%
Pokémon Throh
0%
Nessun quiz corrispondente trovato
Distribuzione punteggi
Percentuale di utenti per punteggio
Percentile per numero di risposta
I tuoi punteggi nel tempo
Non hai fatto questo quiz